| 000 | 01235nam a22002535i 4500 | ||
|---|---|---|---|
| 001 | 160556 | ||
| 003 | ES-MaACL | ||
| 005 | 20250824074926.0 | ||
| 008 | 020403s1885 sp |||| | spa d | ||
| 040 |
_aCAM _bspa _cCAM |
||
| 100 | 1 |
_aNavarro Gonzalvo, Eduardo, _d1846-1902 _985134 |
|
| 245 | 1 | 4 |
_aLos bandos de Villa-Frita _b: crónica manchega cómica-lírica en un acto, dividida en tres cuadros, original y en verso / _cletra de Eduardo Navarro Gonzalvo ; música del maestro Manuel Fernández Caballero. |
| 250 | _a6ª ed. | ||
| 260 |
_aMadrid : _b[Florencio Fiscowich], _c1885 ( _fImprenta de José Rodríguez) |
||
| 300 |
_a43 p. ; _c20 cm. |
||
| 490 | 1 | _aEl teatro : coleccion de obras dramaticas y liricas | |
| 500 | 1 | _aEstrenada en el teatro de Recoletos, el día 5 de agosto de 1884. | |
| 500 | _aSolo la letra. | ||
| 596 | 1 | _aEn verso de port. consta: "... de la galería lírico-dramática titulada El Teatro, de Florencio Fiscowich ..." | |
| 700 | 0 |
_aFernández Caballero, Manuel. _949531 |
|
| 830 | 0 | 3 |
_aEl teatro: colección de obras dramática y líricas _9221753 |
| 852 |
_aES-MaACL _jD-2525(6) _z-- Enc. hol. conservando la cub. original _z.- Legado M. de La Fuente |
||
| 999 |
_c160556 _d160556 |
||